000 00441nam a22001691a 4500
020 _a9780415102865
082 _a519.5
_bPER/S
100 _aPerry R Hinton
245 _aStatistics explained:
_ba guide for Social science students/
_cby Perry R Hinton
260 _aNew York:
_bRoutledge,
_c1999.
300 _a322p.
650 _aStatistics Social Science
650 _aMathematics
650 _aScience
942 _cBK
999 _c44132
_d44132